De la enseñanza del derecho administrativa: lección de apertura del curso en la Universidad Nacional

Spremljeno u:
Bibliografski detalji
Glavni autor: Letelier Madariaga, Valentín (Autor)
Format: Knjiga
Jezik:španjolski
Izdano: Santiago La Libertad Electoral 1889
Teme:
Oznake: Dodaj oznaku
Bez oznaka, Budi prvi tko označuje ovaj zapis!

MARC

LEADER 00000nam a2200000 a 4500
001 UCR1360
003 CL-VaPUC
008 971219e18890000CL |||||||||||||||||spa|d
082 0 4 |a 342.83  |b LET  |2 21 
100 |a Letelier Madariaga, Valentín   |e author  |9 351363 
245 1 0 |a De la enseñanza del derecho administrativa: lección de apertura del curso en la Universidad Nacional 
300 |a 132 p 
942 |c BK 
945 |d 19971219 00:00:00  |a cmena 
260 |a Santiago  |b La Libertad Electoral  |c 1889 
600 0 7 |a UNIVERSIDAD NACIONAL  |2 CL-VaPUC  |9 398383 
650 0 |a Derecho administrativo  |9 254851 
650 0 |a Actos administrativos   |9 256128 
650 0 |a Administración pública   |9 255343 
650 0 |a Responsabilidad administrativa  |9 256129 
650 7 |a CONTENCIOSO ADMINISTRATIVO  |2 CL-VaPUC  |9 255490 
650 0 |a Contratos administrativos  |9 256130 
650 7 |a EMPLEADOS PUBLICOS  |2 CL-VaPUC  |9 256133 
650 0 |a Enseñanza del derecho  |9 354184 
583 |a last modification  |c 19971219 00:00:00  |k Rodrigo Vera 
999 |c 264765  |d 264763 
952 |0 0  |1 0  |4 0  |6 342_830000000000000_LET_1889  |7 0  |8 DER_HDC  |9 295178  |a BIBDER  |b BIBDER  |d 2019-11-19  |i 1921312  |o 342.83 LET 1889  |p 1921312  |r 2023-01-25  |w 2019-11-19  |x Ubicación 4to Piso  |y BK_X  |z Estos recursos deben solicitarse con anticipación  |k DER